000 00321nam a2200097Ia 4500
008 220204s9999 xx 000 0 und d
082 _bGEO
245 0 _aMicro and secondary- nutrients and pollutat elements research in India-Progress report 2007-10
260 _aBhopal
_bIndian Institute of Soil Science
_c2012
942 _cBK
999 _c44521
_d44521